[Event "DEN-chT 1617 55th"]
[Site "Denmark"]
[Date "2016.11.20"]
[Round "3.2"]
[White "Hovmoller, Kristian"]
[Black "Rendboe, John Filip"]
[Result "1/2-1/2"]
[WhiteElo "2289"]
[BlackElo "2160"]
[PlyCount "176"]
[EventDate "2016.10.29"]
[EventType "team-tourn"]
[EventRounds "9"]
[EventCountry "DEN"]
[SourceTitle "CBM 175 Extra"]
[Source "ChessBase"]
[SourceDate "2016.12.12"]
[SourceVersion "1"]
[SourceVersionDate "2016.12.12"]
[SourceQuality "1"]
[WhiteTeam "Philidor"]
[BlackTeam "Aarhus/Skolerne"]
[WhiteTeamCountry "DEN"]
[BlackTeamCountry "DEN"]

1. d4 d5 2. c4 e6 3. Nf3 Nf6 4. g3 Bb4+ 5. Bd2 Bxd2+ 6. Nbxd2 b6 7. Bg2 Bb7 8. 0-0 0-0 9. Rc1 Ne4 10. Ne5 Nd7 11. cxd5 exd5 12. Nxe4 dxe4 13. Qc2 Nxe5 14. dxe5 Qd5 15. Rfd1 Qxa2 16. Qxc7 Bd5 17. Qc3 a5 18. Qd4 Be6 19. Bxe4 Rab8 20. f4 g6 21. Rc6 b5 22. Bb1 Qb3 23. e4 Bc4 24. f5 a4 25. Qd2 Qf3 26. Re1 Rbd8 27. Rd6 Rde8 28. Qh6 Qh5 29. Qxh5 gxh5 30. Rd5 Re7 31. Bd3 Bxd3 32. Rxd3 Rxe5 33. Kf2 Rfe8 34. Rde3 b4 35. Kf3 f6 36. Rc1 Ra5 37. Rd3 a3 38. Ra1 Rea8 39. Ra2 Kf7 40. Rd7+ Ke8 41. Rb7 axb2 42. Rxb2 Ra3+ 43. Kg2 Re3 44. R7xb4 Kf8 45. Kh3 Re8 46. Kh4 R3xe4+ 47. Rxe4 Rxe4+ 48. Kxh5 Re5 49. g4 Re3 50. h4 Rh3 51. Rb8+ Kg7 52. Rb7+ Kg8 53. g5 fxg5 54. Kxg5 Rc3 55. Re7 Rc6 56. Re6 Rc4 57. Kf6 Rc8 58. Ra6 Rf8+ 59. Kg5 Kg7 60. f6+ Kg8 61. Ra7 Rb8 62. Rg7+ Kf8 63. Rxh7 Rb1 64. Ra7 Rg1+ 65. Kf5 Rf1+ 66. Kg6 Rg1+ 67. Kh6 Rf1 68. Kg5 Rg1+ 69. Kh6 Rf1 70. Kg6 Rg1+ 71. Kh7 Rf1 72. Ra8+ Kf7 73. h5 Rxf6 74. h6 Rf1 75. Ra2 Rf6 76. Ra7+ Kf8 77. Rg7 Rd6 78. Rg8+ Kf7 79. Rg1 Rf6 80. Rh1 Kf8 81. Kh8 Rf2 82. Rh3 Rf7 83. Rh5 Rf6 84. h7 Kf7 85. Rg5 Rf1 86. Rg7+ Kf8 87. Rg8+ Kf7 88. Rf8+ Kxf8 1/2-1/2